[Event "Kouty nad Desnou op-B"]
[Site "Kouty nad Desnou"]
[Date "2011.03.15"]
[Round "5"]
[White "Hanzlik, David"]
[Black "Filip, Lukas"]
[Result "1/2-1/2"]
[WhiteElo "1579"]
[BlackElo "1665"]
[PlyCount "98"]
[EventDate "2011.03.12"]
[EventType "swiss"]
[EventRounds "9"]
[EventCountry "CZE"]
[SourceTitle "EXT 2014"]
[Source "ChessBase"]
[SourceDate "2013.11.20"]
[SourceVersion "1"]
[SourceVersionDate "2013.11.20"]
[SourceQuality "1"]

1. f4 d5 2. Nf3 g6 3. e3 c5 4. Bb5+ Bd7 5. Bxd7+ Nxd7 6. Ne5 Bg7 7. d4 Ngf6 8. 0-0 e6 9. Nd2 0-0 10. Rf3 cxd4 11. exd4 Ne4 12. Re3 f5 13. Rh3 Nxe5 14. fxe5 Qb6 15. Nxe4 fxe4 16. Kh1 Rf7 17. Rb3 Qa6 18. Be3 Raf8 19. Kg1 Qc6 20. Qe2 a6 21. Rc1 Rc8 22. Rc3 Qe8 23. Rxc8 Qxc8 24. c4 Rc7 25. c5 Bf8 26. Rc3 Rc6 27. Bg5 Qd7 28. Rh3 Be7 29. Bh6 Qe8 30. Qg4 Qf7 31. Rb3 Bd8 32. Rc3 Qf5 33. Qf4 Qxf4 34. Bxf4 Ba5 35. Rc1 b6 36. cxb6 Rxc1+ 37. Bxc1 Bxb6 38. Be3 Kg7 39. g4 h6 40. Kf2 Bd8 41. Ke2 Bg5 42. Bf2 Bf4 43. h4 Kf7 44. b4 Ke7 45. a4 Kd7 46. Be1 Kc6 47. Bf2 Kb6 48. Be1 h5 49. g5 Kc6 1/2-1/2

[Event "Kouty nad Desnou op-B"]
[Site "Kouty nad Desnou"]
[Date "2011.03.14"]
[Round "4"]
[White "Filip, Lukas"]
[Black "Jelinek, Lukas"]
[Result "1/2-1/2"]
[WhiteElo "1665"]
[BlackElo "1620"]
[PlyCount "30"]
[EventDate "2011.03.12"]
[EventType "swiss"]
[EventRounds "9"]
[EventCountry "CZE"]
[SourceTitle "EXT 2014"]
[Source "ChessBase"]
[SourceDate "2013.11.20"]
[SourceVersion "1"]
[SourceVersionDate "2013.11.20"]
[SourceQuality "1"]

1. e4 e5 2. Nf3 Nc6 3. Bb5 a6 4. Ba4 Nf6 5. 0-0 b5 6. Bb3 Be7 7. Re1 0-0 8. c3 d5 9. exd5 Nxd5 10. Nxe5 Nxe5 11. Rxe5 c6 12. d4 Bd6 13. Re1 Qh4 14. g3 Qh3 15. Re4 g5 1/2-1/2

[Event "Kouty nad Desnou op-B"]
[Site "Kouty nad Desnou"]
[Date "2011.03.14"]
[Round "3"]
[White "Hanzlik, Tomas"]
[Black "Filip, Lukas"]
[Result "0-1"]
[WhiteElo "1442"]
[BlackElo "1665"]
[PlyCount "82"]
[EventDate "2011.03.12"]
[EventType "swiss"]
[EventRounds "9"]
[EventCountry "CZE"]
[SourceTitle "EXT 2014"]
[Source "ChessBase"]
[SourceDate "2013.11.20"]
[SourceVersion "1"]
[SourceVersionDate "2013.11.20"]
[SourceQuality "1"]

1. b4 e5 2. Bb2 d6 3. e3 Nf6 4. Bc4 Be7 5. h3 Nbd7 6. a3 c6 7. d3 Qc7 8. Nd2 b5 9. Bb3 Bb7 10. e4 0-0 11. Ne2 a5 12. Ng3 axb4 13. axb4 Rxa1 14. Bxa1 d5 15. c3 Kh8 16. 0-0 dxe4 17. Ndxe4 Nxe4 18. dxe4 Nb6 19. Qf3 f6 20. Nf5 Bc8 21. Nh4 Rd8 22. Qg3 g5 23. Nf5 Bxf5 24. exf5 Qd6 25. Qe3 Nd5 26. Qf3 Rd7 27. Rd1 Bd8 28. Bb2 Bb6 29. Bxd5 cxd5 30. Qe2 Qc6 31. Rc1 Rd6 32. Qf1 Qd7 33. g4 d4 34. cxd4 Bxd4 35. Bxd4 Rxd4 36. Qe1 h5 37. f3 hxg4 38. hxg4 Kg7 39. Qc3 Rc4 40. Qe1 Qd4+ 41. Kg2 Qb2+ 0-1

[Event "Pardubice KV op"]
[Site "Pardubice"]
[Date "2010.??.??"]
[Round "7"]
[White "Filip, Lukas"]
[Black "Rezny, Frantisek"]
[Result "0-1"]
[WhiteElo "1655"]
[BlackElo "1680"]
[PlyCount "102"]
[EventDate "2010.07.??"]
[EventType "swiss"]
[EventRounds "7"]
[EventCountry "CZE"]
[SourceTitle "EXT 2012"]
[Source "ChessBase"]
[SourceDate "2011.11.24"]
[SourceVersion "1"]
[SourceVersionDate "2011.11.24"]
[SourceQuality "1"]

1. e4 c5 2. Nf3 d6 3. d4 cxd4 4. Nxd4 Nc6 5. Nc3 g6 6. Be3 Bg7 7. Qd2 Nf6 8. Nxc6 bxc6 9. Bh6 0-0 10. Bd3 Ng4 11. Bxg7 Kxg7 12. 0-0 f5 13. exf5 Bxf5 14. Bxf5 Rxf5 15. Qd4+ Nf6 16. Ne4 Qb6 17. Qxb6 axb6 18. Nxf6 Kxf6 19. a3 Rfa5 20. Rfe1 b5 21. Re3 e5 22. f3 d5 23. Rae1 Re8 24. c3 c5 25. Kf2 Ra6 26. Rd3 Rd8 27. Red1 Ke6 28. Re1 d4 29. cxd4 cxd4 30. f4 Rd5 31. fxe5 Rc6 32. Re2 Rc4 33. Re4 Rc2+ 34. Re2 Rxe2+ 35. Kxe2 Kxe5 36. Rg3 Kd6 37. Kd3 Kc5 38. b4+ Kc6 39. Rg4 Rf5 40. Kxd4 Rf2 41. Kc3 Re2 42. Rg3 Re1 43. Kd2 Rh1 44. h3 Rf1 45. Rc3+ Kb6 46. Ke2 Ra1 47. Kf3 Rf1+ 48. Kg4 Rf5 49. h4 Rf2 50. g3 Rf5 51. Rf3 h5+ 0-1

[Event "CZE Czechia-ch U16"]
[Site "Harrachov"]
[Date "2009.10.27"]
[Round "5"]
[White "Steinhauserova, Anna"]
[Black "Filip, Lukas"]
[Result "1-0"]
[WhiteElo "1795"]
[BlackElo "1573"]
[PlyCount "77"]
[EventDate "2009.10.24"]
[EventType "swiss"]
[EventRounds "9"]
[EventCountry "CZE"]
[SourceTitle "EXT 2012"]
[Source "ChessBase"]
[SourceDate "2011.11.24"]
[SourceVersion "1"]
[SourceVersionDate "2011.11.24"]
[SourceQuality "1"]

1. d4 d5 2. Nf3 Nf6 3. c4 c6 4. Nc3 e6 5. Bg5 Nbd7 6. cxd5 exd5 7. e3 Bb4 8. Bd3 Bxc3+ 9. bxc3 Nb6 10. Qc2 h6 11. Bh4 Bg4 12. Ne5 Be6 13. 0-0 0-0 14. h3 Nbd7 15. f4 Nb6 16. f5 Bc8 17. Ng4 Nbd7 18. Rf3 Qe8 19. Bxf6 Nxf6 20. Nxf6+ gxf6 21. Qf2 Kh7 22. Qh4 Qe7 23. g4 Kg7 24. Kh1 Rh8 25. Rg1 Kf8 26. Qh5 Ke8 27. e4 dxe4 28. Re3 Kd7 29. Rxe4 Qf8 30. Bc4 Rh7 31. Qh4 Qd6 32. Qh5 Qf8 33. Rge1 b5 34. Be6+ Kc7 35. Bxc8 Rxc8 36. Re7+ Kb6 37. Qh4 Qg7 38. Qg3 h5 39. Qd3 1-0

[Event "CZE Czechia-ch U16"]
[Site "Harrachov"]
[Date "2009.10.26"]
[Round "3"]
[White "Flasar, Jaroslav"]
[Black "Filip, Lukas"]
[Result "1/2-1/2"]
[WhiteElo "1736"]
[BlackElo "1573"]
[PlyCount "97"]
[EventDate "2009.10.24"]
[EventType "swiss"]
[EventRounds "9"]
[EventCountry "CZE"]
[SourceTitle "EXT 2012"]
[Source "ChessBase"]
[SourceDate "2011.11.24"]
[SourceVersion "1"]
[SourceVersionDate "2011.11.24"]
[SourceQuality "1"]

1. e4 e5 2. Nf3 Nc6 3. d4 exd4 4. Nxd4 Bc5 5. Be3 Nxd4 6. Bxd4 Bxd4 7. Qxd4 Qf6 8. e5 Qb6 9. Qc3 Ne7 10. Bc4 0-0 11. 0-0 d6 12. Nd2 dxe5 13. Qxe5 Ng6 14. Qg3 Bf5 15. Bb3 Rad8 16. Nc4 Qc6 17. Ne3 Bc8 18. Rfd1 Ne7 19. Qg5 Rxd1+ 20. Rxd1 Qf6 21. Qc5 Nc6 22. Ba4 Qe7 23. Qc3 Qe5 24. Qa3 Rd8 25. Rxd8+ Nxd8 26. Qd3 Qe7 27. h3 c6 28. Qc3 Qd7 29. Bb3 g6 30. Qf6 Ne6 31. c3 Qd8 32. Qe5 Qc7 33. Qf6 Qd8 34. Qf3 Qe7 35. Qe4 Qd7 36. Ng4 Qd8 37. Qe5 h5 38. Nh6+ Kf8 39. g4 hxg4 40. Nxg4 Ng7 41. Nh6 Be6 42. Bxe6 Qd1+ 43. Kg2 Nxe6 44. Qb8+ Kg7 45. Ng4 Qd5+ 46. Kh2 Qxa2 47. Qxb7 Qa4 48. Kg1 Qd1+ 49. Kh2 1/2-1/2

[Event "Ricany op-B"]
[Site "Ricany"]
[Date "2008.08.29"]
[Round "8"]
[White "Rathousky, Jakub"]
[Black "Filip, Lukas"]
[Result "1-0"]
[WhiteElo "1250"]
[BlackElo "1250"]
[PlyCount "50"]
[EventDate "2008.08.23"]
[EventType "swiss"]
[EventRounds "9"]
[EventCountry "CZE"]
[SourceTitle "CBM 126 Extra"]
[Source "ChessBase"]
[SourceDate "2008.11.05"]
[SourceVersion "1"]
[SourceVersionDate "2008.11.05"]
[SourceQuality "1"]

1. e4 e5 2. Nf3 Nc6 3. Bb5 d6 4. 0-0 Bd7 5. Re1 Nf6 6. c3 Be7 7. d4 exd4 8. Nxd4 a6 9. Nxc6 bxc6 10. Bc4 h6 11. Nd2 0-0 12. Nf3 Ng4 13. h3 Ne5 14. Nxe5 dxe5 15. Re3 Bg5 16. Rg3 Bxc1 17. Qxc1 Qf6 18. Qd2 Rad8 19. Qe3 a5 20. Rd1 Qf4 21. Qc5 a4 22. Rdd3 Be6 23. Rde3 Bxc4 24. Re1 Bb5 25. c4 Ba6 1-0

[Event "Ricany op-B"]
[Site "Ricany"]
[Date "2008.08.26"]
[Round "5"]
[White "Sochurek, Pavel"]
[Black "Filip, Lukas"]
[Result "1-0"]
[WhiteElo "1451"]
[BlackElo "1250"]
[PlyCount "75"]
[EventDate "2008.08.23"]
[EventType "swiss"]
[EventRounds "9"]
[EventCountry "CZE"]
[SourceTitle "CBM 126 Extra"]
[Source "ChessBase"]
[SourceDate "2008.11.05"]
[SourceVersion "1"]
[SourceVersionDate "2008.11.05"]
[SourceQuality "1"]

1. d4 d5 2. c4 e6 3. a3 Be7 4. Nc3 a6 5. e4 c5 6. Nf3 Nf6 7. Bd3 Nc6 8. e5 Nd7 9. cxd5 exd5 10. Nxd5 cxd4 11. Nxe7 Qxe7 12. 0-0 Ndxe5 13. Nxe5 Nxe5 14. Re1 0-0 15. f4 f6 16. fxe5 fxe5 17. Qh5 h6 18. Qxe5 Qxe5 19. Rxe5 b5 20. Rd5 Be6 21. Rxd4 Bf5 22. Bd2 Bxd3 23. Rxd3 Rad8 24. Rxd8 Rxd8 25. Bc3 Rf8 26. Rd1 Ra8 27. Rd7 a5 28. Rxg7+ Kf8 29. Rh7 Ra6 30. Bg7+ Ke8 31. Rxh6 Rxh6 32. Bxh6 Kf7 33. h4 Kg6 34. Bg5 Kh5 35. Kf2 Kg6 36. Ke3 Kf5 37. g3 a4 38. Kd4 1-0

[Event "Ricany op-B"]
[Site "Ricany"]
[Date "2008.08.25"]
[Round "4"]
[White "Pychova, Nela"]
[Black "Filip, Lukas"]
[Result "1-0"]
[WhiteElo "1250"]
[BlackElo "1250"]
[PlyCount "97"]
[EventDate "2008.08.23"]
[EventType "swiss"]
[EventRounds "9"]
[EventCountry "CZE"]
[SourceTitle "CBM 126 Extra"]
[Source "ChessBase"]
[SourceDate "2008.11.05"]
[SourceVersion "1"]
[SourceVersionDate "2008.11.05"]
[SourceQuality "1"]

1. e4 e5 2. Nf3 Nc6 3. Bc4 h6 4. Nc3 Nf6 5. d3 Bc5 6. Bd2 d6 7. 0-0 0-0 8. Be3 Bxe3 9. fxe3 Be6 10. Bb5 Bd7 11. h3 a6 12. Ba4 Be6 13. Nh2 d5 14. exd5 Nxd5 15. Qd2 Qg5 16. Nxd5 Bxd5 17. Nf3 Qg6 18. Bxc6 Bxc6 19. Nxe5 Qe6 20. Nxc6 Qxc6 21. Rf3 Qb6 22. b3 Rfe8 23. Kh1 Re7 24. e4 f6 25. Rg3 g5 26. Rf1 Rf8 27. Rgf3 Re6 28. Qf2 Qxf2 29. R1xf2 Kg7 30. d4 Re7 31. e5 Rd7 32. exf6+ Kg8 33. c3 c6 34. Rf5 b6 35. Re5 a5 36. Re6 Rc7 37. Kg1 b5 38. f7+ Rfxf7 39. Rxf7 Rxf7 40. Rxc6 h5 41. Rc5 g4 42. hxg4 hxg4 43. Rxb5 g3 44. Rg5+ Rg7 45. Rxg7+ Kxg7 46. d5 Kf6 47. c4 Ke5 48. a3 Kd6 49. b4 1-0

[Event "Ricany op-B"]
[Site "Ricany"]
[Date "2008.08.24"]
[Round "3"]
[White "Filip, Lukas"]
[Black "Studzinski, Brunon"]
[Result "0-1"]
[WhiteElo "1250"]
[BlackElo "1000"]
[PlyCount "90"]
[EventDate "2008.08.23"]
[EventType "swiss"]
[EventRounds "9"]
[EventCountry "CZE"]
[SourceTitle "CBM 126 Extra"]
[Source "ChessBase"]
[SourceDate "2008.11.05"]
[SourceVersion "1"]
[SourceVersionDate "2008.11.05"]
[SourceQuality "1"]

1. e4 d6 2. d4 Nf6 3. Nc3 g6 4. Bg5 Bg7 5. Bxf6 Bxf6 6. h3 0-0 7. Nf3 Nd7 8. Bc4 e6 9. 0-0 b6 10. d5 Ne5 11. Nxe5 Bxe5 12. Qf3 Bd7 13. Rab1 Rc8 14. Bb5 c6 15. dxc6 Bxc6 16. Bxc6 Rxc6 17. Rfe1 a6 18. Rbd1 b5 19. a3 Qb6 20. Rd3 a5 21. b4 axb4 22. axb4 Rfc8 23. Na2 Rxc2 24. g3 Rxa2 25. Re2 Rcc2 26. Rxc2 Rxc2 27. Re3 Qd4 28. Rd3 Qxb4 29. Kg2 Qc5 30. h4 b4 31. Re3 Bd4 32. Re2 Rxe2 33. Qxe2 Qb6 34. Qd1 b3 35. Qb1 b2 36. f4 Bg1 37. Kh3 Qf2 38. Kg4 Bh2 39. Kg5 Qxg3+ 40. Kf6 Qxf4+ 41. Ke7 Qe5 42. Qe1 Bg3 43. Qb1 d5 44. Qc2 Qc7+ 45. Qxc7 Bxc7 0-1

[Event "Ricany op-B"]
[Site "Ricany"]
[Date "2008.08.24"]
[Round "2"]
[White "Pucholt, Martin"]
[Black "Filip, Lukas"]
[Result "1/2-1/2"]
[WhiteElo "1000"]
[BlackElo "1250"]
[PlyCount "68"]
[EventDate "2008.08.23"]
[EventType "swiss"]
[EventRounds "9"]
[EventCountry "CZE"]
[SourceTitle "CBM 126 Extra"]
[Source "ChessBase"]
[SourceDate "2008.11.05"]
[SourceVersion "1"]
[SourceVersionDate "2008.11.05"]
[SourceQuality "1"]

1. e4 e5 2. Nf3 Nc6 3. Bc4 Nf6 4. d3 Bc5 5. h3 h6 6. c3 Bb6 7. 0-0 d6 8. Re1 0-0 9. d4 exd4 10. cxd4 Re8 11. Nc3 Be6 12. d5 Bd7 13. dxc6 Bxc6 14. Qb3 Re7 15. Bf4 Bxe4 16. Nd5 Nxd5 17. Bxd5 Bxd5 18. Qxd5 Rxe1+ 19. Rxe1 Qf6 20. Qd2 Rd8 21. Bg3 Rd7 22. Re8+ Kh7 23. Qc2+ g6 24. Bh4 Qg7 25. Qa4 c6 26. Qc2 f6 27. Bg3 Qf7 28. Re1 Qxa2 29. Nh4 Qf7 30. Bf4 f5 31. Bd2 d5 32. Nf3 Bc7 33. Qa4 a6 34. Bf4 Re7 1/2-1/2